000 00587nam a22001697a 4500
003 OSt
005 20251204101634.0
008 251204b |||||||| |||| 00| 0 eng d
020 _a971-0483-16-7.
040 _aDWC-Main lib.
_cOC
082 _aFil. 323.044 R425 2007
110 _aPermanent Peoples' Tribunal
245 _aRepression and resistance :
_bthe Filipino people vs. Gloria Macapagal-Arroyo, George W. Bush, et.al./
_cPermanent Peoples' Tribunal
260 _aQuezon City :
_bIBON Books ,
_cc2007.
300 _a263 p. ;
_c25 cm. + 1 CD-ROM.
942 _2ddc
_cBK - FIL
_kFil.
_n0
999 _c6797
_d6797